00840nam a2200217 a 450000100090000000800410000901000150005002000190006505000170008410000250010124501910012624600510031725000190036826000400038730000340042735000100046150000510047165000320052265000270055465000410058118616503170321s2016 ||||||||||||||||| || u a2015019229 a9780323299947  aRC 901.7 Kal aKallenbach, Judith Z10aReview of hemodialysis for nurses and dialysis personnel. (9th ed.)cJudith Z. Kallenbach, MSN, RN, CNN, Clinical Quality Administrator, DaVita Village Health, Akron, Ohio.h[unmediated] aHemodialysis for nurses and dialysis personnel aNinth edition. aSt. Louis Missouri:bElsevierc2016 ax, 419 pages : illustrations  a76.95 aIncludes bibliographical references and index. 3aACUTE KIDNEY INJURY-NURSING 3aRENAL DIALYSIS-NURSING 3aRENAL INSUFFICIENCY,CHRONIC-NURSING